[Event "Turniej Niepodleglosci 2022"]
[Site "Warsaw POL"]
[Date "2022.11.11"]
[Round "7.12"]
[White "Karolczuk, Iwo"]
[Black "Mickiewicz, Piotr"]
[Result "1-0"]
[WhiteElo "2245"]
[BlackElo "2138"]

1. e4 c5 2. Nc3 Nc6 3. Bb5 Nd4 4. Bc4 e6 5. Nf3 Nf6 6. O-O a6 7. a4 d5 8.
exd5 exd5 9. Ba2 Nc6 10. h3 Be7 11. d4 cxd4 12. Nxd4 O-O 13. Be3 Be6 14.
Re1 Qd7 15. Qe2 Bb4 16. Nxc6 bxc6 17. Bd4 Bxc3 18. Bxc3 Ne4 19. Be5 f6 20.
Bf4 Rfe8 21. Qf3 Bf7 22. Rad1 Qb7 23. Qa3 Qb6 24. Re2 a5 25. Rde1 g5 26.
Be3 Qc7 27. Bd4 c5 28. Be3 d4 29. Bxf7+ Kxf7 30. Bxd4 cxd4 31. Qb3+ Kg6 32.
Rxe4 Rxe4 33. Rxe4 Rc8 34. Re2 Qc4 35. Qf3 Qc6 36. Qd3+ Kh6 37. Re7 Rh8 38.
Qxd4 Rf8 39. Qd3 Rh8 40. Qf5 Qd6 41. Rf7 Qd1+ 42. Kh2 Qd6+ 43. g3 Qd4 44.
Rxf6+ Kg7 45. Qxg5# 1-0

[Event "Turniej Niepodleglosci 2022"]
[Site "Warsaw POL"]
[Date "2022.11.11"]
[Round "7.13"]
[White "Chomczyk, Marek"]
[Black "Zysko, Jan"]
[Result "1-0"]
[WhiteElo "2227"]
[BlackElo "2122"]

1. e4 c5 2. Nc3 e6 3. Nf3 Nc6 4. Bb5 Nd4 5. O-O Nxb5 6. Nxb5 d6 7. d4 cxd4
8. Qxd4 a6 9. Nc3 Nf6 10. Bg5 h6 11. Bh4 Be7 12. Rad1 Qc7 13. e5 dxe5 14.
Nxe5 O-O 15. Bg3 Qc5 16. Qd3 Rd8 17. Qxd8+ Bxd8 18. Rxd8+ Kh7 19. Nxf7 b5
20. Rh8+ Kg6 21. Ne5+ Kf5 22. Nf3 Bb7 23. Nh4+ Kg5 24. Rxa8 Bxa8 25. Re1
Nd7 26. Rxe6 b4 27. Rg6+ Kh5 28. Ne2 1-0

[Event "Turniej Niepodleglosci 2022"]
[Site "Warsaw POL"]
[Date "2022.11.11"]
[Round "7.14"]
[White "Kowalski, Igor"]
[Black "Skrzypczak, Piotr"]
[Result "1-0"]
[WhiteElo "2299"]
[BlackElo "2093"]

1. d4 Nf6 2. Nf3 g6 3. Nc3 d5 4. Bf4 Bg7 5. e3 O-O 6. Be2 c6 7. Ne5 Nbd7 8.
h4 h5 9. f3 Qb6 10. Rb1 c5 11. g4 cxd4 12. exd4 e6 13. Qd2 Nxe5 14. Bxe5
hxg4 15. fxg4 Nh7 16. g5 Bxe5 17. dxe5 Qc7 18. Qf4 f6 19. gxf6 Rxf6 20. Qg3
Kh8 21. Rg1 Rf5 22. Qxg6 Qf7 23. Qxf7 Rxf7 24. Nb5 Rg7 25. Kd2 Bd7 26. Nd6
b6 27. Rxg7 Kxg7 28. Rg1+ Kf8 29. Bh5 Bc6 30. Bg6 1-0

[Event "Turniej Niepodleglosci 2022"]
[Site "Warsaw POL"]
[Date "2022.11.11"]
[Round "7.15"]
[White "Deszczynski, Adam"]
[Black "Smykalo, Severyn"]
[Result "1/2-1/2"]
[WhiteElo "2221"]
[BlackElo "2040"]

1. e4 c6 2. d4 d5 3. Nd2 dxe4 4. Nxe4 Nf6 5. Nxf6+ exf6 6. c3 Bd6 7. Bd3
Na6 8. Ne2 Nc7 9. Bf4 Nd5 10. Bxd6 Qxd6 11. Qd2 O-O 12. O-O Bg4 13. Rfe1
Rfd8 14. Ng3 a5 15. h3 Be6 16. Ne4 Qf4 17. Qc2 b6 18. Nd2 h6 19. Nc4 Qg5
20. Kh2 Nf4 21. Ne3 Nxd3 22. Qxd3 Rd7 23. Qe4 Rc8 24. f4 Qb5 25. f5 Bc4 26.
a4 Qa6 27. Rad1 Bb3 28. Rd2 Qa8 29. c4 Bxa4 30. Qd3 c5 31. d5 Re8 32. Rde2
Qb8+ 33. Kg1 Rde7 34. b3 Bd7 35. d6 Re4 36. g4 Rd4 37. Qc3 Qxd6 38. Nd5
Rxe2 39. Rxe2 Bc6 1/2-1/2

[Event "Turniej Niepodleglosci 2022"]
[Site "Warsaw POL"]
[Date "2022.11.11"]
[Round "7.16"]
[White "Bebel, Arkadiusz"]
[Black "Celinski, Kamil"]
[Result "1-0"]
[WhiteElo "2195"]
[BlackElo "1860"]

1. Nf3 Nf6 2. g3 b5 3. Bg2 Bb7 4. O-O e6 5. d3 Be7 6. e4 d6 7. Nbd2 O-O 8.
Re1 Nbd7 9. b3 c5 10. Bb2 a5 11. d4 cxd4 12. Nxd4 Qb6 13. c4 b4 14. Qe2 a4
15. Nc2 Nc5 16. Bd4 Nfd7 17. bxa4 e5 18. Be3 Qa5 19. Reb1 Nxa4 20. Rxb4 Bc6
21. Rb3 Ndc5 22. Ra3 Nc3 23. Qf3 N5a4 24. Rb3 Rab8 25. h4 Qa8 26. Nb4 Bb7
27. Nd5 Bxd5 28. cxd5 Qa6 29. Bf1 Qc8 30. Kh2 Rxb3 31. axb3 Nc5 32. Bxc5
dxc5 33. Qxc3 1-0

[Event "Turniej Niepodleglosci 2022"]
[Site "Warsaw POL"]
[Date "2022.11.11"]
[Round "7.17"]
[White "Mulawa, Cyprian"]
[Black "Zochowski, Kacper"]
[Result "0-1"]
[WhiteElo "2049"]
[BlackElo "2194"]

1. e4 d6 2. Nc3 g6 3. d4 Bg7 4. f4 Nf6 5. Nf3 O-O 6. Bd3 Nc6 7. e5 dxe5 8.
dxe5 Nd5 9. Nxd5 Qxd5 10. Qe2 Bf5 11. Bxf5 gxf5 12. O-O Rad8 13. c3 f6 14.
exf6 Bxf6 15. Be3 a6 16. Rae1 Qxa2 17. Nh4 Bxh4 18. Bf2 Bf6 0-1

[Event "Turniej Niepodleglosci 2022"]
[Site "Warsaw POL"]
[Date "2022.11.11"]
[Round "7.18"]
[White "Winski, Lukasz"]
[Black "Parol, Pola"]
[Result "0-1"]
[WhiteElo "2112"]
[BlackElo "1941"]

1. e4 c5 2. c3 d5 3. exd5 Qxd5 4. d4 Nc6 5. Nf3 Bf5 6. Be2 cxd4 7. cxd4
Bxb1 8. Rxb1 Qxa2 9. Bd2 Qd5 10. O-O e6 11. Qa4 Qd7 12. Bb5 Bd6 13. Bb4
Nge7 14. Ne5 Qc7 15. Rbc1 Bxb4 16. Nxc6 bxc6 17. Rxc6 Nxc6 18. Bxc6+ Ke7
19. Bxa8 Bd6 20. Bf3 Bxh2+ 21. Kh1 Bd6 22. d5 e5 23. Ra1 Bc5 24. Qh4+ f6
25. Qg4 Kf8 26. Qe6 Qe7 27. Qc8+ Kf7 28. Qxh8 0-1

[Event "Turniej Niepodleglosci 2022"]
[Site "Warsaw POL"]
[Date "2022.11.11"]
[Round "7.19"]
[White "Jarocka, Liwia"]
[Black "Smieszek, Wojciech"]
[Result "1-0"]
[WhiteElo "1989"]
[BlackElo "2108"]

1. e4 c5 2. Nf3 g6 3. d4 cxd4 4. Nxd4 Nc6 5. Nc3 Bg7 6. Be3 Nf6 7. Bc4 O-O
8. Bb3 d6 9. f3 Bd7 10. Qd2 Rc8 11. O-O-O Nxd4 12. Bxd4 b5 13. h4 a5 14. h5
a4 15. Bxf6 exf6 16. Bd5 b4 17. Ne2 f5 18. hxg6 hxg6 19. Nd4 b3 20. axb3
axb3 21. Bxb3 Ra8 22. c3 Qb6 23. Bc2 Rfb8 24. b3 Ra2 25. Qd3 Be5 26. Kd2
fxe4 27. fxe4 Bxd4 28. Qxd4 Qxd4+ 29. cxd4 Rxb3 30. Rb1 Rg3 31. Rhg1 d5 32.
Rb8+ Kg7 33. Kc1 Rc3 34. Rb2 Ra1+ 35. Rb1 Ra4 36. Kd2 Rac4 37. Bd3 Rc8 38.
exd5 Bg4 39. Rbc1 Rxc1 40. Rxc1 Rd8 41. Rc5 Kf6 42. Be4 Ke7 43. Ke3 Rb8 44.
Rc7+ Kf6 45. d6 Rd8 46. Kf4 Be6 47. d5 g5+ 48. Ke3 Bg4 49. Rc6 Rd7 50. Kd4
Bd1 51. Kc5 Ke5 52. Bf3 Bc2 53. Rc7 Bf5 54. g4 Rxc7+ 55. dxc7 Bd7 56. d6 f5
57. gxf5 Kxf5 58. Bc6 Ke6 59. Bxd7+ Kxd7 60. Kd4 1-0

[Event "Turniej Niepodleglosci 2022"]
[Site "Warsaw POL"]
[Date "2022.11.11"]
[Round "7.20"]
[White "Podgorski, Maciej"]
[Black "Kacprzak, Kacper"]
[Result "0-1"]
[WhiteElo "1959"]
[BlackElo "2103"]

1. e4 c5 2. Nc3 Nc6 3. Nge2 e6 4. d4 cxd4 5. Nxd4 Qc7 6. g3 a6 7. Bg2 d6 8.
O-O Bd7 9. Be3 Nf6 10. Re1 Be7 11. Qd2 Ne5 12. Nb3 Nc4 13. Qc1 Rc8 14. Nd1
O-O 15. c3 Rfe8 16. Bd4 e5 17. Be3 h6 18. f3 d5 19. exd5 Nxd5 20. Bf2 Bc6
21. Bf1 b5 22. Nd2 Bb7 23. Nxc4 bxc4 24. Ne3 Nb6 25. Nf5 Bc5 26. Bg2 Rcd8
27. Re2 Rd3 28. Ne3 Nd5 29. Qe1 Nxe3 30. Rxe3 Bxe3 31. Bxe3 Red8 32. Qe2
Qd6 33. Rf1 Bc6 34. h4 Rd1 35. Qxc4 Bb5 36. Qc5 Bxf1 37. Qxd6 Bd3+ 38. Kf2
Rxd6 39. Bc5 Rd2+ 40. Ke3 Re2# 0-1

[Event "Turniej Niepodleglosci 2022"]
[Site "Warsaw POL"]
[Date "2022.11.11"]
[Round "8.1"]
[White "Psyk, Radoslaw"]
[Black "Nasuta, Grzegorz"]
[Result "0-1"]
[WhiteElo "2330"]
[BlackElo "2452"]

1. e4 c5 2. Be2 Nc6 3. f4 d5 4. d3 e6 5. Nf3 Bd6 6. O-O Nge7 7. c3 O-O 8.
e5 Bc7 9. d4 cxd4 10. cxd4 Nf5 11. Kh1 Bb6 12. Bd3 Ncxd4 13. g4 Nxf3 14.
gxf5 Nh4 15. f6 gxf6 16. Bxh7+ Kxh7 17. Qh5+ Kg7 18. Qxh4 Rh8 19. Qg3+ Kf8
20. Nd2 d4 21. Nf3 Rg8 22. Qh4 fxe5 23. Qh6+ Ke8 24. Qh7 Rg6 25. fxe5 Qd5
26. Qh8+ Kd7 27. Bd2 Bc5 28. b4 Be7 29. Rad1 b6 30. Qh7 Bb7 31. Qxf7 Rag8
32. h4 R8g7 33. Qf4 Rg4 34. Qh6 Rg3 35. Kh2 Rg2+ 36. Kh1 Rg1+ 37. Kh2 R7g4
38. Kh3 R4g3+ 39. Kh2 R1g2+ 40. Kh1 Rxf3 41. Kxg2 Rf6+ 42. Kh3 Qg2# 0-1

[Event "Turniej Niepodleglosci 2022"]
[Site "Warsaw POL"]
[Date "2022.11.11"]
[Round "8.2"]
[White "Piesik, Piotr"]
[Black "Golubka, Petro"]
[Result "0-1"]
[WhiteElo "2376"]
[BlackElo "2360"]

1. Nf3 e6 2. g3 d5 3. Bg2 g5 4. d4 h6 5. c4 Bg7 6. Nc3 Ne7 7. h4 g4 8. Ne5
Nbc6 9. cxd5 Nxe5 10. dxe5 exd5 11. Nxd5 Nxd5 12. Qxd5 Qxd5 13. Bxd5 c6 14.
Be4 Bxe5 15. Rb1 Be6 16. b3 f5 17. Bd3 Ke7 18. Be3 h5 19. Rc1 a5 20. Bc4 a4
21. b4 Rhd8 22. O-O Bxc4 23. Rxc4 Rd5 24. Bg5+ Ke6 25. e4 Rd4 26. Rxd4 Bxd4
27. exf5+ Kxf5 28. Rd1 Ke4 29. Kg2 Rf8 30. Bf4 a3 31. Rd2 b6 32. Rc2 c5 33.
bxc5 bxc5 34. Bc1 Rf3 35. Kf1 Kd5 36. Bg5 Be5 37. Ke2 Bd4 38. Ke1 c4 39.
Rd2 c3 40. Re2 Bc5 41. Be3 Bxe3 42. Rxe3 Rxe3+ 43. fxe3 Ke4 44. Ke2 c2 45.
Kd2 Kf3 46. Kxc2 Kxg3 47. Kb3 Kf3 48. Kxa3 g3 0-1

[Event "Turniej Niepodleglosci 2022"]
[Site "Warsaw POL"]
[Date "2022.11.11"]
[Round "8.3"]
[White "Gajewski, Grzegorz"]
[Black "Jakubowski, Krzysztof"]
[Result "1-0"]
[WhiteElo "2489"]
[BlackElo "2404"]

1. c4 Nf6 2. g3 c6 3. Bg2 d5 4. Nf3 Bf5 5. O-O e6 6. cxd5 exd5 7. d3 Be7 8.
Qb3 Qb6 9. Qc2 O-O 10. Nc3 h6 11. e4 Bh7 12. Be3 Qa6 13. Rad1 Nbd7 14. Rfe1
Rfd8 15. exd5 Nxd5 16. Nxd5 cxd5 17. Bxh6 Bb4 18. Bd2 Bxd3 19. Qb3 Bxd2 20.
Rxd2 Bc4 21. Qd1 Qxa2 22. Nd4 Qa5 23. b3 Ba6 24. Nf5 Nf6 25. Ne7+ Kf8 26.
Nxd5 Nxd5 27. Bxd5 Re8 28. Kg2 Rxe1 29. Qxe1 Re8 30. Qd1 Re2 31. Rxe2 Bxe2
32. Qd4 Qe1 33. Qc5+ Kg8 34. Qc8+ Kh7 35. Qf5+ Kh6 36. h4 Bf1+ 37. Kh2 Qd2
38. Bxf7 Bd3 39. Qh5# 1-0

[Event "Turniej Niepodleglosci 2022"]
[Site "Warsaw POL"]
[Date "2022.11.11"]
[Round "8.4"]
[White "Bartel, Mateusz"]
[Black "Kozak, Antoni"]
[Result "1-0"]
[WhiteElo "2533"]
[BlackElo "2326"]

1. Nf3 Nf6 2. g3 c5 3. Bg2 Nc6 4. O-O e5 5. c4 d5 6. cxd5 Nxd5 7. Nc3 Be6
8. d3 Be7 9. h4 h6 10. Bd2 O-O 11. Qa4 Nb6 12. Qc2 Rc8 13. Rac1 f5 14. Rfd1
g5 15. hxg5 hxg5 16. e3 g4 17. Ne1 Kg7 18. Ne2 Bd6 19. Bc3 Nd5 20. Nf4 Nxf4
21. gxf4 Kf7 22. fxe5 Nxe5 23. Kf1 Qh4 24. Qa4 Nc6 25. Nf3 Qh5 26. Nd2 f4
27. exf4 Ke7 28. Re1 Rxf4 29. Rxe6+ Kxe6 30. Qb3+ Kf5 31. Ne4 Be5 32. Ng3+
1-0

[Event "Turniej Niepodleglosci 2022"]
[Site "Warsaw POL"]
[Date "2022.11.11"]
[Round "8.5"]
[White "Krasenkow, Michal"]
[Black "Karolczuk, Iwo"]
[Result "1-0"]
[WhiteElo "2450"]
[BlackElo "2245"]

1. Nf3 c5 2. c4 Nc6 3. d4 cxd4 4. Nxd4 Nf6 5. Nc3 e6 6. Bf4 a6 7. e3 Be7 8.
Be2 O-O 9. O-O d6 10. Bg3 Qc7 11. Rc1 Rd8 12. Nd5 exd5 13. cxd5 Nxd5 14.
Nxc6 bxc6 15. Qxd5 Bb7 16. Qd3 Qb6 17. Rc2 c5 18. e4 Bf8 19. Bf3 a5 20. Rd1
a4 21. Rcd2 Be7 22. Qe3 Qb4 23. h4 h6 24. a3 Qb6 25. Be2 Bf6 26. Rxd6 Rxd6
27. Rxd6 Qxb2 28. e5 Re8 29. f4 Be7 30. Rd1 c4 31. Kf1 Bxa3 32. Be1 Bb4 33.
Bxb4 Qxb4 34. Qd4 Rc8 35. Bg4 Ra8 36. e6 fxe6 37. Bxe6+ Kh8 38. Bxc4 a3 39.
h5 Qe7 40. Ba2 Rf8 41. Kg1 Qh4 42. Qb4 Qf6 43. Qxb7 Qxf4 44. Qf3 Qb4 45.
Qd5 Qb2 46. Rd2 Qb6+ 47. Kh2 Qe3 48. Bb1 Qf4+ 49. g3 Qe3 50. Kh3 Qe1 51.
Qd3 Qh1+ 52. Kg4 g6 53. hxg6 Qc6 54. g7+ Kxg7 55. Qh7+ 1-0

[Event "Turniej Niepodleglosci 2022"]
[Site "Warsaw POL"]
[Date "2022.11.11"]
[Round "8.6"]
[White "Janczarski, Michal"]
[Black "Chomczyk, Marek"]
[Result "1-0"]
[WhiteElo "2401"]
[BlackElo "2227"]

1. c4 g6 2. g3 Bg7 3. Bg2 c5 4. Nc3 Nc6 5. e3 e5 6. Nge2 Nge7 7. O-O O-O 8.
Nd5 d6 9. d3 Nxd5 10. cxd5 Ne7 11. a3 h5 12. h4 Bg4 13. Qc2 Qc8 14. Kh2 b5
15. Nc3 Rb8 16. a4 b4 17. Ne4 Rd8 18. Nd2 Qa6 19. Nc4 b3 20. Qd2 Rb4 21. e4
Rxa4 22. Rxa4 Qxa4 23. f4 exf4 24. Qxf4 f5 25. Nxd6 Qd4 26. Nb5 Qe5 27. Qf2
fxe4 28. dxe4 Rf8 29. Bf4 Qxb2 30. Qxc5 Be2 31. Rf2 Rxf4 32. gxf4 Qc2 33.
Qxe7 b2 34. Na3 Qc1 35. d6 Qe3 36. d7 Qxf2 37. d8=Q+ Kh7 38. Qdc7 Qd4 39.
Qxa7 Qc3 40. Nb1 1-0

[Event "Turniej Niepodleglosci 2022"]
[Site "Warsaw POL"]
[Date "2022.11.11"]
[Round "8.7"]
[White "Kacprzak, Karol"]
[Black "Kanarek, Marcel"]
[Result "0-1"]
[WhiteElo "2296"]
[BlackElo "2388"]

1. e4 c5 2. Nf3 d6 3. d4 cxd4 4. Nxd4 Nf6 5. Nc3 g6 6. Be3 Bg7 7. f3 O-O 8.
Qd2 Nc6 9. Bc4 Nxd4 10. Bxd4 Be6 11. Bb3 Qa5 12. O-O-O b5 13. Kb1 b4 14.
Nd5 Bxd5 15. exd5 Qb5 16. Rhe1 a5 17. Qe2 Qxe2 18. Rxe2 a4 19. Bc4 Rfc8 20.
b3 Rc7 21. Rde1 Kf8 22. g4 Rb7 23. h4 Ra5 24. Rd1 Ne8 25. Bxg7+ Kxg7 26.
Rde1 Kf8 27. h5 gxh5 28. g5 Rc7 29. f4 Ng7 30. Rh2 Rac5 31. Re4 Nf5 32. Bd3
axb3 33. axb3 Rxd5 34. Rxb4 h4 35. Bxf5 Rxf5 36. Rxh4 Kg7 37. Re4 e5 38.
fxe5 dxe5 39. Rhg4 Kg6 40. c4 Rxg5 41. Rxg5+ Kxg5 42. Rxe5+ Kg4 43. c5 f5
44. b4 f4 45. Kc2 f3 46. Kd2 Rb7 47. Re4+ Kg3 48. c6 Ra7 49. Re8 Ra2+ 50.
Kc3 Ra1 51. Rg8+ Kh3 52. b5 f2 53. Rf8 f1=Q 54. Rxf1 Rxf1 55. Kb4 Rc1 56.
Ka5 Kg4 57. Kb6 Kf5 58. Kc7 Ke6 59. b6 Kd5 60. b7 Rxc6+ 0-1

[Event "Turniej Niepodleglosci 2022"]
[Site "Warsaw POL"]
[Date "2022.11.11"]
[Round "8.8"]
[White "Kosiorek, Marek"]
[Black "Wisniewski, Michal"]
[Result "0-1"]
[WhiteElo "2347"]
[BlackElo "2130"]

1. c4 Nf6 2. Nc3 e5 3. g3 d5 4. cxd5 Nxd5 5. Bg2 Nb6 6. Nf3 Nc6 7. O-O Be7
8. d3 g5 9. Be3 g4 10. Nd2 h5 11. Na4 Nd5 12. Bc5 h4 13. Qb3 Bxc5 14. Nxc5
Nb6 15. Bxc6+ bxc6 16. Qc3 Qg5 17. Nce4 Qh6 18. Qxe5+ Be6 19. Qxc7 hxg3 20.
Qxc6+ Nd7 21. Qxa8+ Ke7 22. Qxh8 gxh2+ 23. Kh1 Qxh8 24. b3 Bd5 25. f3 f5
26. Ng3 f4 27. e4 fxg3 28. exd5 Qh3 29. Rae1+ Kd6 30. Re2 Ne5 31. Rg2 Nxd3
32. Rxg3 Qh6 33. Ne4+ Kxd5 34. Rxg4 Qh3 35. Rg2 Nf4 36. Rd2+ Ke5 37. Rff2
Nh5 38. b4 Kf4 39. Rg2 Ke5 40. Rdf2 Nf4 41. Rxh2 Qc8 42. Rh7 Qc1+ 43. Kh2
Nd3 44. Rg2 Ne1 45. Rg3 Qf4 46. Rh5+ Kd4 47. Ng5 Ke3 48. Kh3 Qf5+ 49. Kh4
Qf4+ 50. Kh3 Qf5+ 51. Rg4 Nxf3 52. Kg3 Nd2 53. Rh2 Nf1+ 54. Kh4 Nxh2 0-1

[Event "Turniej Niepodleglosci 2022"]
[Site "Warsaw POL"]
[Date "2022.11.11"]
[Round "8.9"]
[White "Janeczko, Jakub"]
[Black "Kowalski, Igor"]
[Result "0-1"]
[WhiteElo "2105"]
[BlackElo "2299"]

1. e4 c6 2. Nc3 d5 3. Nf3 Bg4 4. h3 Bxf3 5. Qxf3 e6 6. Be2 Nd7 7. exd5 cxd5
8. O-O Ngf6 9. d4 Be7 10. Bd3 Rc8 11. Bf4 O-O 12. Ne2 Qb6 13. c3 Bd6 14.
Bxd6 Qxd6 15. Ng3 Rfe8 16. Rfe1 g6 17. Re2 e5 18. dxe5 Rxe5 19. Rae1 Rce8
20. Bb5 Rxe2 21. Rxe2 Rxe2 22. Nxe2 Nc5 23. Nd4 Kg7 24. g3 Qb6 25. b3 Nce4
26. Qe3 Qc5 27. Ne2 Qxb5 0-1

[Event "Turniej Niepodleglosci 2022"]
[Site "Warsaw POL"]
[Date "2022.11.11"]
[Round "8.10"]
[White "Nurkiewicz, Maciej"]
[Black "Jakubowska, Anna"]
[Result "1-0"]
[WhiteElo "2246"]
[BlackElo "2039"]

1. e4 c6 2. d4 d5 3. Nc3 dxe4 4. Nxe4 Nf6 5. Nxf6+ exf6 6. c3 Bd6 7. Bd3
O-O 8. Qc2 Re8+ 9. Ne2 h5 10. O-O Nd7 11. Be3 Nf8 12. c4 Be6 13. Rad1 Rc8
14. Nf4 Bg4 15. Rd2 Bb4 16. h3 Bxd2 17. Qxd2 Be6 18. Nxh5 Qd7 19. Bh6 Bf5
20. Bxg7 Nh7 21. Qh6 Bg6 22. Nxf6+ 1-0

[Event "Turniej Niepodleglosci 2022"]
[Site "Warsaw POL"]
[Date "2022.11.11"]
[Round "8.11"]
[White "Smykalo, Severyn"]
[Black "Bebel, Arkadiusz"]
[Result "1-0"]
[WhiteElo "2040"]
[BlackElo "2195"]

1. d4 Nf6 2. c4 g6 3. Nc3 Bg7 4. e4 d6 5. h3 O-O 6. Be3 e5 7. d5 Na6 8. g4
Nc5 9. f3 a5 10. Qd2 c6 11. Nge2 cxd5 12. cxd5 a4 13. Ng3 Qa5 14. h4 Bxg4
15. fxg4 Nxg4 16. Bh3 Nxe3 17. Qxe3 a3 18. b3 Bh6 19. Qxh6 Qxc3+ 20. Kf2
Nd3+ 21. Kf3 Ne1+ 22. Ke2 Qf3+ 23. Kxe1 Qxg3+ 24. Ke2 Ra5 25. Rac1 b6 26.
Qg5 Qxg5 27. hxg5 Rc5 28. b4 Rb5 29. Rb1 f5 30. gxf6 1-0

[Event "Turniej Niepodleglosci 2022"]
[Site "Warsaw POL"]
[Date "2022.11.11"]
[Round "8.12"]
[White "Pacan-milej, Kosma"]
[Black "Kacprzak, Kacper"]
[Result "1-0"]
[WhiteElo "2302"]
[BlackElo "2103"]

1. d4 Nf6 2. c4 e6 3. Nc3 Bb4 4. e3 O-O 5. Bd3 Re8 6. Ne2 d6 7. O-O Bxc3 8.
Nxc3 Nc6 9. Bc2 b6 10. Ba4 Bd7 11. e4 e5 12. d5 Nd4 13. Bxd7 Qxd7 14. Be3
c5 15. dxc6 Nxc6 16. f3 Rac8 17. b3 Red8 18. Qd2 h6 19. Rfd1 Qb7 20. Qf2
Nb4 21. Rac1 Rc6 22. Rd2 Na6 23. Rcd1 Nc7 24. a4 Kh7 25. Qh4 Nce8 26. Nb5
Qe7 27. Qf2 Qb7 28. Rd3 Rd7 29. Qh4 Rd8 30. Bg5 Qe7 31. Bc1 a6 32. Nc3 Nc7
33. Bg5 Kg6 34. Be3 Rb8 35. f4 Kh7 36. fxe5 Qxe5 37. Bd4 Qg5 38. Qxg5 hxg5
39. Bxf6 gxf6 40. Rxd6 Rxd6 41. Rxd6 b5 42. axb5 axb5 43. Rxf6 Kg7 44. Rc6
b4 45. Nd5 Ne6 46. Rb6 Rxb6 47. Nxb6 Nc5 48. Nd5 Nxb3 49. Nxb4 Nd2 50. c5
Nxe4 51. c6 Nd6 52. Nd5 f5 53. Nb6 Nb5 54. Nd5 Nd6 55. Kf2 Kf7 56. Ke3 Ke6
57. Kd4 f4 58. Nc7+ Kf5 59. Kd5 Nc8 60. Nb5 Nb6+ 61. Kc5 Nc8 62. Nd6+ 1-0

[Event "Turniej Niepodleglosci 2022"]
[Site "Warsaw POL"]
[Date "2022.11.11"]
[Round "8.13"]
[White "Zochowski, Kacper"]
[Black "Rozycki, Bartlomiej"]
[Result "1-0"]
[WhiteElo "2194"]
[BlackElo "2096"]

1. Nf3 d5 2. c4 e6 3. g3 Nf6 4. Bg2 dxc4 5. Qa4+ Nbd7 6. O-O Be7 7. Qxc4
O-O 8. b3 c5 9. Bb2 Nd5 10. Nc3 N7b6 11. Qe4 Bf6 12. Rfd1 Qe7 13. Rac1 Rd8
14. Nxd5 Nxd5 15. Bxf6 Nxf6 16. Qe5 b6 17. Nd4 Bb7 18. Nf5 Qd7 19. Nxg7
Bxg2 20. Qxf6 Bb7 21. Nh5 Qd4 22. Qg5+ Kf8 23. Nf6 h6 24. Nh7+ Ke8 25. Qxh6
Kd7 26. Rc4 Qe5 27. e4 Rh8 28. d4 Qxe4 29. dxc5+ Ke7 30. Qf6+ 1-0

[Event "Turniej Niepodleglosci 2022"]
[Site "Warsaw POL"]
[Date "2022.11.11"]
[Round "8.14"]
[White "Dalkowski, Rafal"]
[Black "Chylewski, Patryk"]
[Result "0-1"]
[WhiteElo "2030"]
[BlackElo "2168"]

1. d4 Nf6 2. c4 c5 3. d5 e5 4. Nc3 d6 5. e4 g6 6. f3 Bg7 7. Be3 Na6 8. Qd2
h6 9. Nge2 Nc7 10. g4 Bd7 11. Ng3 a6 12. a4 b5 13. axb5 axb5 14. Rxa8 Qxa8
15. cxb5 Qb7 16. Qd3 O-O 17. Qc4 Rb8 18. b4 cxb4 19. Qxb4 Bf8 20. b6 Na8
21. Bd3 Nxb6 22. O-O Na4 23. Qxb7 Rxb7 24. Nxa4 Bxa4 25. Ra1 Bd7 26. Ra8
Ne8 27. Kf2 Nc7 28. Rd8 Be8 29. Rc8 Kg7 30. Be2 Be7 31. Ba6 Nxa6 32. Rxe8
Bh4 33. Rc8 Rb2+ 34. Kg1 Rb3 35. Kf2 Nb4 36. Bd2 Rb2 37. Ke1 Nd3+ 38. Kd1
Nc5 39. Rc6 Be7 40. Rc7 Rb7 41. Rxb7 Nxb7 42. Ne2 Nc5 43. Nc3 h5 44. gxh5
gxh5 45. Ke2 Kg6 46. Nb5 f5 47. Be3 Nd7 48. Bf2 Kg5 49. Nc7 fxe4 50. fxe4
Kf4 51. Kd3 Kf3 52. Be1 h4 53. Bb4 Kg2 54. Ke2 Nf6 55. Ke3 Kxh2 56. Ne6 Kg2
57. Ng7 h3 58. Nf5 h2 59. Nxe7 h1=Q 60. Bxd6 Qe1+ 61. Kd3 Qxe4+ 62. Kc3
Nxd5+ 0-1

[Event "Turniej Niepodleglosci 2022"]
[Site "Warsaw POL"]
[Date "2022.11.11"]
[Round "8.15"]
[White "Kubicka, Anna"]
[Black "Kedzierski, Slawomir"]
[Result "1-0"]
[WhiteElo "2162"]
[BlackElo "2041"]

1. e4 c6 2. Nf3 d5 3. Nc3 Bg4 4. h3 Bxf3 5. Qxf3 e6 6. d4 Nd7 7. Bd3 dxe4
8. Nxe4 Ngf6 9. c3 Nxe4 10. Qxe4 Nf6 11. Qe2 Be7 12. Bd2 Qd5 13. Rg1 O-O-O
14. Bc4 Qe4 15. Qxe4 Nxe4 16. Be3 Nf6 17. b4 Bd6 18. Ke2 Nd5 19. Rgc1 Nxe3
20. fxe3 Rhf8 21. Rf1 Kd7 22. a4 Ke7 23. Rf3 f6 24. Bd3 g6 25. g4 Rf7 26.
Raf1 Rff8 27. e4 e5 28. b5 exd4 29. cxd4 c5 30. g5 fxg5 31. e5 Bc7 32. Rxf8
Rxf8 33. Rc1 Rf4 34. dxc5 Rxa4 35. Rb1 Bxe5 36. b6 axb6 37. Rxb6 Ra7 38.
Be4 Bd4 39. Rb5 Kd7 40. Kd3 Bg1 41. Kc4 Kc7 42. Rb1 Be3 43. Re1 Bd2 44. Rf1
Bf4 45. Bd5 Ra4+ 46. Kb5 Ra3 47. Re1 Re3 48. Ra1 Kb8 49. Rd1 Rxh3 50. Be6
Re3 51. Rd8+ Ka7 52. Bd5 Re7 53. Kc4 Bc7 54. Rf8 g4 55. Rf2 g3 56. Ra2+ Kb8
57. Rb2 b6 58. cxb6 Bxb6 59. Rxb6+ Kc7 60. Kc5 g2 61. Rc6+ Kd7 62. Bxg2
Re5+ 63. Bd5 Rh5 64. Rf6 Ke7 65. Rf7+ Ke8 66. Ra7 Rh2 67. Kd6 Kf8 68. Rf7+
Ke8 69. Rg7 Rf2 1-0

[Event "Turniej Niepodleglosci 2022"]
[Site "Warsaw POL"]
[Date "2022.11.11"]
[Round "8.16"]
[White "Bartel, Marta"]
[Black "Bartel, Michal"]
[Result "1-0"]
[WhiteElo "2090"]
[BlackElo "2151"]

1. d4 e6 2. c4 c5 3. d5 exd5 4. cxd5 d6 5. Nf3 g6 6. Nc3 Bg7 7. Bf4 Nf6 8.
h3 O-O 9. e3 a6 10. a4 Qb6 11. Qd2 Bf5 12. a5 Qc7 13. Bd3 Bxd3 14. Qxd3
Nbd7 15. O-O Rfe8 16. Nd2 Ne5 17. Bxe5 Rxe5 18. Nc4 Re7 19. Rab1 Nd7 20.
Na4 Rae8 21. Rfc1 Qb8 22. Nab6 Nf6 23. Nd2 Ne4 24. Nxe4 Rxe4 25. Rc4 f5 26.
b4 Rxc4 27. Nxc4 Rc8 28. b5 axb5 29. Rxb5 f4 30. exf4 Re8 31. a6 Bd4 32.
axb7 Qc7 33. Qb3 Rb8 34. Na5 Qe7 35. Qd1 Qf7 36. Qf3 c4 37. Qe4 Bc3 38.
Nxc4 Qd7 39. Qe6+ Qxe6 40. dxe6 Kf8 41. Ne3 Bd4 42. Nd5 Ke8 43. Nc7+ 1-0

[Event "Turniej Niepodleglosci 2022"]
[Site "Warsaw POL"]
[Date "2022.11.11"]
[Round "8.17"]
[White "Mickiewicz, Piotr"]
[Black "Jedrusik, Adam"]
[Result "1-0"]
[WhiteElo "2138"]
[BlackElo "1851"]

1. Nf3 d5 2. g3 Bg4 3. Bg2 Nd7 4. c4 e6 5. b3 Ngf6 6. Bb2 Bd6 7. O-O O-O 8.
d3 c6 9. Nbd2 Qe7 10. a3 a5 11. Qc2 e5 12. e4 dxe4 13. dxe4 Rfd8 14. h3 Bh5
15. Nh4 Bg6 16. Nf5 Bxf5 17. exf5 Bc5 18. Rfe1 Qd6 19. g4 h6 20. Rad1 Bd4
21. Nf3 c5 22. b4 axb4 23. axb4 Ra2 24. bxc5 Nxc5 25. Nxd4 exd4 26. Qb1
Rxb2 27. Qxb2 d3 28. Qe5 Qxe5 29. Rxe5 Na4 30. Bd5 Nb2 31. Rd2 Nxd5 32.
Rxd5 Rxd5 33. cxd5 1-0

[Event "Turniej Niepodleglosci 2022"]
[Site "Warsaw POL"]
[Date "2022.11.11"]
[Round "8.19"]
[White "Alvarado, Carlos"]
[Black "Winski, Lukasz"]
[Result "1-0"]
[WhiteElo "2003"]
[BlackElo "2112"]

1. e4 e6 2. Qe2 c5 3. g3 d5 4. exd5 Qxd5 5. Nf3 Nc6 6. Nc3 Qd8 7. Bg2 Nf6
8. O-O Be7 9. Re1 O-O 10. d3 Nd4 11. Qd1 Rb8 12. a4 b6 13. Bf4 Bd6 14. Bxd6
Qxd6 15. Nb5 Nxf3+ 16. Bxf3 Qd7 17. b3 Bb7 18. Na3 Bxf3 19. Qxf3 Qd4 20.
Nc4 Rbd8 21. Qe3 Qc3 22. Qd2 Qd4 23. Ne5 Ne4 24. Qe3 Qxe5 25. Qxe4 Qc3 26.
Qc4 Qf6 27. a5 Rd4 28. Qa6 Rfd8 29. Qxa7 bxa5 30. Rxa5 Qf3 31. Rxc5 h6 32.
Rc4 Qg4 33. Qe7 R8d7 34. Qxd7 1-0

[Event "Turniej Niepodleglosci 2022"]
[Site "Warsaw POL"]
[Date "2022.11.11"]
[Round "8.20"]
[White "Suliborski, Artur"]
[Black "Nguyen, Piotr"]
[Result "0-1"]
[WhiteElo "1882"]
[BlackElo "2330"]

1. e4 g6 2. c4 Bg7 3. d4 d6 4. Nc3 e5 5. Nge2 Ne7 6. Be3 O-O 7. f3 Nd7 8.
Qd2 a6 9. O-O-O b5 10. g4 Nb6 11. Ng3 Nc6 12. d5 Nd4 13. cxb5 axb5 14. Nxb5
Nxb5 15. Bxb5 Rxa2 16. Kb1 Ra7 17. h4 Bd7 18. Qb4 Bxb5 19. Qxb5 Qa8 20.
Bxb6 cxb6 21. Ne2 Ra5 22. Qb4 Ra4 23. Qb3 Qa6 24. Nc3 Ra5 25. Kc2 b5 26.
Kd2 Bf6 27. Ke1 Rc8 28. Kf2 b4 29. Qxb4 Qa7+ 30. Kg3 Rb8 31. Qxd6 Rxb2 32.
Rhf1 Ra6 33. Ra1 Rxa1 34. Qxf6 Rxf1 35. Qd8+ Kg7 36. g5 Qg1+ 37. Kh3 Rh2#
0-1